00482nam a2200133Ia 4500008004100000100003500041245008600076245003500162260005300197260001400250300000800264650001500272856006100287170221s9999 xx 000 0 und d aAnatoly Alekseevich Moskalenko aImprovement of Work with Personnel as a Factor of Increasing Business Efficiency  cAnatoly Alekseevich Moskalenko bInternational Review of Management and Marketing cJune 2014 a6:1 xMarketing. uhttp://www.econjournals.com/index.php/irmm/issue/view/88